| 000 | 00611nam a2200205 a 4500 | ||
|---|---|---|---|
| 005 | 20240823063817.0 | ||
| 008 | 020930s1988 mx r 000 0 spa d | ||
| 020 | _a9506021724 | ||
| 035 | _aUPN01000119750 | ||
| 049 | _aCG | ||
| 050 | 4 |
_aBF637 C5 _bO7.2 |
|
| 100 | 1 | _aOrsi, Alfredo | |
| 245 | 1 | 0 |
_aActitudes y conducta : _balgo más que psicología social / _cAlfredo Orsi. |
| 260 |
_aBuenos Aires : _bNueva Visión, _cc1988. |
||
| 300 |
_a112 p. : _bcuadros |
||
| 440 | 0 | _aAlternativas en salud mental | |
| 650 | 4 |
_aConducta (Psicología) _94460 |
|
| 650 | 7 |
_aActitud (Psicología) _2 _9125 |
|
| 905 | _aLibro | ||
| 999 |
_c92100 _d92100 |
||